LEADER 01064nam0-2200277---450- 001 990009416160403321 005 20110908100837.0 035 $a000941616 035 $aFED01000941616 035 $a(Aleph)000941616FED01 035 $a000941616 100 $a20110905d1821----km-y0itay50------ba 101 0 $afre 200 1 $aDu Congrès de Troppau, ou examen des prètentions des monarchies absolues a l'ègard de la monarchie constitutionnelle de Naples, ouvrage de m. Bignon 210 $aA Naples$cde l'imprimerie du Journal Encyclopedique$d1821 215 $aXVIII, 140 p.$d20 cm 300 $aSul front.: Publié à Paris en janvier 1821. 676 $a321.87 700 1$aBignon,$bLouis Pierre Edouard$0307547 801 0$aIT$bUNINA$gRICA$2UNIMARC 901 $aAQ 912 $a990009416160403321 952 $aSG 300/A 16$bR. Bibl. 10447$fFLFBC 959 $aFLFBC 996 $aDu Congrès de Troppau, ou examen des prètentions des monarchies absolues a l'ègard de la monarchie constitutionnelle de Naples, ouvrage de m. Bignon$9759369 997 $aUNINA LEADER 01062cam0 2200277 450 001 E600200044747 005 20210914064150.0 100 $a20090204d1969 |||||ita|0103 ba 101 $afre 102 $aFR 200 1 $a<>Contemplations$fVictor Hugo$g[Texte établi avec introduction, chronologies des 'Contemplations' et de Victor Hugo, bibliographie, notes et variantes par Léon Cellier] 210 $aParis$cÉdition Garnier Frères$d1969 215 $aLXX, 814 p.$d17 ill. ; 19 cm 225 2 $aClassiques Garnier 410 1$1001LAEC00015826$12001 $a*Classiques Garnier 700 1$aHugo$b, Victor$3AF00004834$4070$0444801 702 1$aCellier, Léon$3A600200052403$4070 801 0$aIT$bUNISOB$c20210914$gRICA 850 $aUNISOB 852 $aUNISOB$j840|Coll|1|K$m11254 912 $aE600200044747 940 $aM 102 Monografia moderna SBN 941 $aM 957 $a840|Coll|1|K$b000022$gSi$d11254$racquisto$1pregresso1$2UNISOB$3UNISOB$420090204090417.0$520151123144836.0$6Alfano 996 $aContemplations$9199234 997 $aUNISOB